Zelené energie naďalej pod striedmym režimom
Drahšie zelené elektrárne a tlak na ceny elektriny. Priorita na Slovensku - minimalizácia vplyvu obnoviteľných zdrojov energie na koncové ceny elektriny. Zelená elektrina otvorená iba pre menších investorov. Investície do zelenej elektriny. Slovenská flotila zelených elektrární.
Salvato in:
| Autore principale: | |
|---|---|
| Natura: | Capitolo di libro |
| Lingua: | slovacco |
| Soggetti: | |
| Tags: |
Nessun Tag, puoi essere il primo ad aggiungerne!!
|
MARC
| LEADER | 00000naa a2200000 4500 | ||
|---|---|---|---|
| 001 | 0223833 | ||
| 005 | 20231113105919.6 | ||
| 041 | 0 | |a slo | |
| 044 | |a SK | ||
| 245 | 1 | 0 | |a Zelené energie naďalej pod striedmym režimom |c Ivan Haluza |
| 520 | |a Drahšie zelené elektrárne a tlak na ceny elektriny. Priorita na Slovensku - minimalizácia vplyvu obnoviteľných zdrojov energie na koncové ceny elektriny. Zelená elektrina otvorená iba pre menších investorov. Investície do zelenej elektriny. Slovenská flotila zelených elektrární. | ||
| 610 | 2 | 0 | |a energetika |
| 610 | 2 | 0 | |a zdroje energie obnoviteľné |
| 610 | 2 | 0 | |a zdroje energie prírodné |
| 610 | 2 | 0 | |a biomasa |
| 610 | 2 | 0 | |a bioplyn |
| 610 | 2 | 0 | |a energia slnečná |
| 610 | 2 | 0 | |a energia tepelná |
| 610 | 2 | 0 | |a energia vodná |
| 610 | 2 | 0 | |a investície |
| 610 | 2 | 0 | |a Slovensko |
| 100 | 1 | |a Haluza, Ivan | |